| 000 | 00719nam a2200205 a 4500 | ||
|---|---|---|---|
| 005 | 20230524063831.0 | ||
| 008 | 991125s1974 es 000 0 spa u | ||
| 020 | _a8430725059 | ||
| 035 | _aUPN01000053105 | ||
| 049 | _aCG | ||
| 050 | 4 |
_aQA135.5 _bD5.88 1974 |
|
| 100 | 1 |
_aDienes, Zoltan Paul, _d1916- _930501 |
|
| 245 | 1 | 4 |
_aLas seis etapas del aprendizaje en matemáticas / _cZ. P. Dienes ; tr. de Jaime Tortella. |
| 260 |
_aBarcelona, Esp. : _bTeide, _c1974. |
||
| 300 |
_a74 p. : _bil., fotos |
||
| 440 | 0 |
_aEnseñanza de la matemática moderna ; _v7 |
|
| 534 |
_pTítulo original: _tLes six étapes du processus d'apprentisage |
||
| 650 | 4 |
_aMatemáticas _xEstudio y enseñanza (Elemental) _92809 |
|
| 905 | _aLibro | ||
| 999 |
_c53105 _d53105 |
||